Представление документа в формате MARC21

Поле Инд. ПП Название Значение
Тип записи a
Библиографический уровень b
001 Контрольный номер RU/IS/BASE/130426388
005 Дата корректировки 20200522190753.2
084 a Индекс другой классификации/Индекс ББК 65.268
a Индекс другой классификации/Индекс ББК 65.5
100 1_ a Автор Антонио Окампо Х.
245 a Заглавие На повестке дня - широкомасштабная финансовая реформа
500 a Примечание Статья написана на основе доклада, прочитанного на международной конференции "За рамками Вашингтонского консенсуса", организованной Высшей школой социальных наук в сотрудничестве с программой ЮНЕСКО-MOST и прошедшей в Париже 16 - 17 июня 1999 г.
504 a Библиография Примеч.: с. 117
650 a Основная рубрика международные финансовые отношения
a Основная рубрика мировая экономика
a Основная рубрика финансы
a Основная рубрика экономика
653 a Ключевые слова мировой финансовый кризис
a Ключевые слова мировой финансовый рынок
a Ключевые слова предотвращение финансовых кризисов
a Ключевые слова социальное развитие
a Ключевые слова финансирование развития
a Ключевые слова экономическое развитие
773 t Заглавие источника Международный журнал социальных наук
d Дата издания источника 2001
g Прочая информация № 33. - С. 107 - 117
w Контрольный № источника RU/IS/BASE/149098846
901 t Тип документа b